[Event "Mid Bohemia Region-chT 2223"]
[Site "Czech Republic"]
[Date "2023.02.12"]
[Round "8.2"]
[White "Tesar, Patrik"]
[Black "Bauer, Jindrich"]
[Result "1/2-1/2"]
[WhiteElo "2057"]
[BlackElo "2090"]
[PlyCount "53"]
[EventDate "2022.10.09"]
[EventType "team-tourn"]
[EventRounds "11"]
[EventCountry "CZE"]
[SourceTitle "EXT 2024"]
[Source "ChessBase"]
[SourceDate "2023.10.10"]
[SourceVersion "1"]
[SourceVersionDate "2023.10.10"]
[SourceQuality "1"]
[WhiteTeam "Nymburk Sokol"]
[BlackTeam "Zdice"]
[WhiteTeamCountry "CZE"]
[BlackTeamCountry "CZE"]

1. d4 Nf6 2. Nf3 g6 3. Bg5 Bg7 4. e3 c5 5. c3 Qb6 6. Qc2 d6 7. Bd3 Nc6 8. Nbd2 Bd7 9. Nc4 Qc7 10. dxc5 dxc5 11. Bf4 Qc8 12. Rd1 0-0 13. h4 Bg4 14. Nce5 Nxe5 15. Bxe5 Qe6 16. Bxf6 Qxf6 17. Be2 h6 18. Ng1 Bf5 19. Bd3 Bxd3 20. Qxd3 Qb6 21. Qc2 Rad8 22. Rxd8 Rxd8 23. Nf3 Qa6 24. a3 e5 25. Qe2 Qd6 26. e4 h5 27. 0-0 1/2-1/2

[Event "CZE-chT2B 2223"]
[Site "Czech Republic"]
[Date "2022.12.04"]
[Round "4.6"]
[White "Bauer, Jindrich"]
[Black "Chaloupka, Frantisek"]
[Result "0-1"]
[WhiteElo "2133"]
[BlackElo "1991"]
[PlyCount "158"]
[EventDate "2022.10.16"]
[EventType "team-tourn"]
[EventRounds "11"]
[EventCountry "CZE"]
[SourceTitle "EXT 2024"]
[Source "ChessBase"]
[SourceDate "2023.10.10"]
[SourceVersion "1"]
[SourceVersionDate "2023.10.10"]
[SourceQuality "1"]
[WhiteTeam "Kolesovice"]
[BlackTeam "Litomerice III"]
[WhiteTeamCountry "CZE"]
[BlackTeamCountry "CZE"]

1. e4 c5 2. Nf3 d6 3. d4 cxd4 4. Nxd4 Nf6 5. Nc3 a6 6. Bg5 e6 7. f4 Qc7 8. Qf3 Be7 9. 0-0-0 Nbd7 10. Bd3 b5 11. Rhe1 Bb7 12. Qg3 h6 13. Bh4 Nc5 14. e5 Nh5 15. Qg4 Bxh4 16. Qxh4 Nxd3+ 17. Rxd3 dxe5 18. Ndxb5 axb5 19. Nxb5 Qe7 20. Nd6+ Kf8 21. Qxh5 Bd5 22. fxe5 g6 23. Qh3 Rxa2 24. Ra3 Qg5+ 25. Kb1 Bxg2 26. Qc3 Rxa3 27. Qxa3 Kg7 28. Qa7 Qf4 29. Qg1 Bh3 30. Re4 Qd2 31. Rd4 Qa5 32. Rd3 Bf5 33. Nxf5+ exf5 34. e6 Re8 35. Qd4+ Kg8 36. exf7+ Kxf7 37. Ra3 Qe1+ 38. Ka2 Qe6+ 39. c4 g5 40. h4 Rc8 41. Ra4 f4 42. h5 Kg8 43. Qd3 Qf7 44. b3 Re8 45. Ra6 Re6 46. Qd8+ Re8 47. Qd4 Kh7 48. Qd3+ Kg8 49. Rg6+ Kf8 50. Kb2 f3 51. Qd6+ Qe7 52. Rf6+ Kg7 53. Qxe7+ Rxe7 54. Rxf3 Re2+ 55. Kc3 Rh2 56. c5 Rxh5 57. c6 g4 58. Rf1 Rc5+ 59. Kd4 Rxc6 60. b4 Kg6 61. b5 Rc8 62. b6 Kg5 63. b7 Rb8 64. Rb1 Kf4 65. Kd3 Kf3 66. Kd2 Kf2 67. Rb5 h5 68. Rf5+ Kg2 69. Rxh5 Rxb7 70. Ke3 Rf7 71. Ra5 g3 72. Ra1 Kh2 73. Ra6 g2 74. Rh6+ Kg1 75. Ke2 Ra7 76. Rh8 Ra2+ 77. Ke1 Ra4 78. Ke2 Ra5 79. Rh7 Re5+ 0-1

[Event "CZE-chT2B 2223"]
[Site "Czech Republic"]
[Date "2022.11.20"]
[Round "3.6"]
[White "Vales, Vaclav"]
[Black "Bauer, Jindrich"]
[Result "1/2-1/2"]
[WhiteElo "2050"]
[BlackElo "2102"]
[PlyCount "140"]
[EventDate "2022.10.16"]
[EventType "team-tourn"]
[EventRounds "11"]
[EventCountry "CZE"]
[SourceTitle "EXT 2024"]
[Source "ChessBase"]
[SourceDate "2023.10.10"]
[SourceVersion "1"]
[SourceVersionDate "2023.10.10"]
[SourceQuality "1"]
[WhiteTeam "Decin"]
[BlackTeam "Kolesovice"]
[WhiteTeamCountry "CZE"]
[BlackTeamCountry "CZE"]

1. d4 Nf6 2. Nf3 e6 3. c4 Bb4+ 4. Bd2 Qe7 5. e3 0-0 6. Bd3 Bxd2+ 7. Qxd2 d6 8. Nc3 e5 9. dxe5 dxe5 10. e4 c6 11. 0-0 Na6 12. a3 Nc5 13. Bc2 Bg4 14. Qe3 Bxf3 15. Qxf3 Ne6 16. Ne2 Rad8 17. Rfd1 Qc5 18. Bd3 Nd4 19. Nxd4 Rxd4 20. b4 Qe7 21. c5 Rfd8 22. Bc2 Ne8 23. Rxd4 Rxd4 24. Rd1 Qd7 25. Rxd4 exd4 26. Qd3 Nc7 27. Bb3 Nb5 28. Bc4 Nc3 29. Kf1 b6 30. Qg3 h6 31. Qb8+ Kh7 32. Qd6 Qe8 33. Qxd4 Nxe4 34. Bxf7 Qxf7 35. Qxe4+ Kh8 36. cxb6 axb6 37. Qxc6 Qb3 38. Qa8+ Kh7 39. g3 Qd3+ 40. Kg2 b5 41. h4 Qc4 42. Qf3 Kg8 43. Qf5 Qc6+ 44. Kh2 Qc4 45. Qf4 Qf1 46. g4 Qd3 47. Qg3 Qe4 48. g5 hxg5 49. hxg5 Qh7+ 50. Kg2 Qe4+ 51. Qf3 Qe5 52. g6 Qg5+ 53. Qg3 Qd5+ 54. Qf3 Qg5+ 55. Kf1 Qc1+ 56. Ke2 Qc2+ 57. Ke1 Qxg6 58. Qd5+ Kh8 59. Qxb5 Qb1+ 60. Ke2 Qb2+ 61. Kf1 Qxa3 62. Qe8+ Kh7 63. Qh5+ Kg8 64. Qd5+ Kh7 65. b5 Qc1+ 66. Kg2 Qb1 67. Kh2 Qb4 68. Kg3 Qb1 69. Qc6 Qg1+ 70. Kf3 Qd1+ 1/2-1/2

[Event "Pardubice Czech op-E 31st"]
[Site "Pardubice"]
[Date "2020.09.19"]
[Round "5.2"]
[White "Bauer, Jindrich"]
[Black "Sykora, Marek1111"]
[Result "0-1"]
[WhiteElo "2085"]
[BlackElo "2185"]
[PlyCount "104"]
[EventDate "2020.09.17"]
[EventType "team-swiss"]
[EventRounds "7"]
[EventCountry "CZE"]
[SourceTitle "CBM 198 Extra"]
[Source "ChessBase"]
[SourceDate "2020.11.30"]
[SourceVersion "1"]
[SourceVersionDate "2020.11.30"]
[SourceQuality "1"]
[WhiteTeam "Kolesovice Cesky Lev"]
[BlackTeam "Turnov Zikuda III"]
[WhiteTeamCountry "CZE"]
[BlackTeamCountry "CZE"]

1. e4 e5 2. Nf3 Nc6 3. Bb5 a6 4. Ba4 Nf6 5. Bxc6 dxc6 6. d3 Bd6 7. Nbd2 Be6 8. Qe2 Qe7 9. 0-0 0-0-0 10. a3 Nh5 11. Nc4 Nf4 12. Bxf4 exf4 13. Nxd6+ Qxd6 14. b4 Bg4 15. Rab1 Rhe8 16. Rfe1 f5 17. e5 Qd5 18. Rbd1 Bxf3 19. Qxf3 Rxe5 20. Qxf4 Rde8 21. Re3 Rxe3 22. fxe3 Kb8 23. c4 Qe6 24. Kf2 h6 25. Qd4 g5 26. a4 f4 27. e4 g4 28. Kg1 f3 29. Qf2 Qd6 30. c5 Qf6 31. Rf1 Qc3 32. Qe3 fxg2 33. Kxg2 Rd8 34. Rd1 Qxb4 35. d4 Re8 36. Rf1 Rd8 37. Rd1 Qxa4 38. Rd2 Qc4 39. e5 Qd5+ 40. Kg1 Re8 41. Rf2 Re6 42. Rf8+ Ka7 43. Rf6 a5 44. Rf1 b5 45. cxb6+ cxb6 46. Rf7+ Ka6 47. Rf6 b5 48. Kf2 Rxf6+ 49. exf6 Qf5+ 50. Kg1 Qxf6 51. Qe4 a4 52. Qe3 h5 0-1

[Event "CZE-chT2B 1920"]
[Site "Czech Republic"]
[Date "2019.10.13"]
[Round "1.5"]
[White "Muron, Miroslav"]
[Black "Bauer, Jindrich"]
[Result "0-1"]
[WhiteElo "2176"]
[BlackElo "2105"]
[PlyCount "130"]
[EventDate "2019.10.13"]
[EventType "team-tourn"]
[EventRounds "11"]
[EventCountry "CZE"]
[SourceTitle "EXT 2024"]
[Source "ChessBase"]
[SourceDate "2023.10.10"]
[SourceVersion "1"]
[SourceVersionDate "2023.10.10"]
[SourceQuality "1"]
[WhiteTeam "Praha Dukla"]
[BlackTeam "Kolesovice Cesky Lev"]
[WhiteTeamCountry "CZE"]
[BlackTeamCountry "CZE"]

1. e4 c5 2. Nc3 a6 3. g3 b5 4. Bg2 Bb7 5. d3 e6 6. Nf3 b4 7. Ne2 d5 8. exd5 Bxd5 9. 0-0 Nf6 10. Re1 Bd6 11. Nf4 Bxf4 12. Bxf4 0-0 13. a3 Nc6 14. c3 bxc3 15. bxc3 c4 16. Qa4 cxd3 17. Rad1 Qa5 18. Qxa5 Nxa5 19. Rxd3 Rac8 20. Bd6 Rfe8 21. Bb4 Nc4 22. Rd4 a5 23. Rxc4 Bxc4 24. Bxa5 Nd5 25. Ne5 Ba6 26. Rc1 Rc5 27. c4 Rxa5 28. cxd5 exd5 29. Nc6 Rxa3 30. Bxd5 Kf8 31. Nb4 Bb5 32. Bg2 Be2 33. h4 Bf3 34. Bxf3 Rxf3 35. Nd5 Rd3 36. Nf4 Rd2 37. Kg2 g6 38. Rc5 Ra8 39. Nh3 Rb2 40. Rc7 Raa2 41. Rc6 h6 42. h5 g5 43. g4 Kg7 44. Rc4 Ra3 45. Re4 Rab3 46. Re7 Rb4 47. Kg3 R2b3+ 48. f3 Ra4 49. Re2 Ra1 50. Kg2 Raa3 51. Ng1 Rb1 52. Nh3 Rba1 53. Kg3 Rf1 54. Rf2 Rxf2 55. Nxf2 Kf6 56. Ne4+ Ke5 57. Nf2 Kd4 58. Ne4 Ra6 59. Kf2 Rc6 60. Ng3 Rc2+ 61. Kg1 Ke3 62. Nf5+ Kf4 63. Nxh6 Kxf3 64. Kh1 Rc6 65. Nxf7 Kg3 0-1

[Event "CZE-chT2D 1314"]
[Site "Czech Republic"]
[Date "2013.11.17"]
[Round "2.3"]
[White "Mojzis, Martin"]
[Black "Bauer, Jindrich"]
[Result "1/2-1/2"]
[WhiteElo "2045"]
[BlackElo "2006"]
[PlyCount "35"]
[EventDate "2013.11.03"]
[EventType "team-tourn"]
[EventRounds "11"]
[EventCountry "CZE"]
[SourceTitle "EXT 2016"]
[Source "ChessBase"]
[SourceDate "2015.10.08"]
[SourceVersion "1"]
[SourceVersionDate "2015.10.08"]
[SourceQuality "1"]
[WhiteTeam "Polabiny II"]
[BlackTeam "Polabiny III"]
[WhiteTeamCountry "CZE"]
[BlackTeamCountry "CZE"]

1. c4 e5 2. g3 Nc6 3. Bg2 d6 4. Nc3 g6 5. e3 Bg7 6. Nge2 Nge7 7. 0-0 0-0 8. d3 Be6 9. Nd5 Qd7 10. Rb1 Nd8 11. a3 c6 12. Nxe7+ Qxe7 13. b4 Qd7 14. Bb2 Bh3 15. d4 Bxg2 16. Kxg2 exd4 17. Bxd4 Bxd4 18. Nxd4 1/2-1/2

[Event "Jirasek Memorial op 25th"]
[Site "Rakovnik"]
[Date "2013.08.14"]
[Round "6"]
[White "Haman, Jakub"]
[Black "Bauer, Jindrich"]
[Result "1-0"]
[WhiteElo "2170"]
[BlackElo "2026"]
[PlyCount "27"]
[EventDate "2013.08.10"]
[EventType "swiss"]
[EventRounds "9"]
[EventCountry "CZE"]
[SourceTitle "EXT 2014"]
[Source "ChessBase"]
[SourceDate "2013.11.20"]
[SourceVersion "1"]
[SourceVersionDate "2013.11.20"]
[SourceQuality "1"]

1. e4 c5 2. Nf3 d6 3. d4 cxd4 4. Nxd4 Nf6 5. Nc3 a6 6. Bg5 e6 7. f4 Qc7 8. Qf3 Nbd7 9. 0-0-0 Be7 10. g4 h6 11. Bxf6 Nxf6 12. h4 Nd7 13. g5 g6 14. h5 1-0

[Event "CZE-ch Juniors op-A"]
[Site "Sec u Chrudimi"]
[Date "2008.03.13"]
[Round "7"]
[White "Fusek, Lukas"]
[Black "Bauer, Jindrich"]
[Result "1/2-1/2"]
[WhiteElo "1816"]
[BlackElo "1800"]
[PlyCount "108"]
[EventDate "2008.03.08"]
[EventType "swiss"]
[EventRounds "9"]
[EventCountry "CZE"]
[SourceTitle "EXT 2009"]
[Source "ChessBase"]
[SourceDate "2008.11.26"]
[SourceVersion "1"]
[SourceVersionDate "2008.11.26"]
[SourceQuality "1"]

1. e4 c5 2. c3 Nf6 3. e5 Nd5 4. d4 cxd4 5. cxd4 Nc6 6. Nf3 d6 7. Bc4 Nb6 8. Bb3 dxe5 9. dxe5 Qxd1+ 10. Bxd1 g6 11. 0-0 Bg7 12. Bf4 Nc4 13. Nc3 N4xe5 14. Nxe5 Bxe5 15. Bxe5 Nxe5 16. Re1 Nc6 17. Ba4 e6 18. Nd5 0-0 19. Bxc6 bxc6 20. Ne7+ Kg7 21. Nxc6 Bb7 22. Rac1 Rfe8 23. Nb4 a5 24. Nd3 Bd5 25. a3 a4 26. Nb4 Bb3 27. Kf1 Rad8 28. Ke2 Rd6 29. Ke3 Red8 30. Rc3 R8d7 31. Rd3 e5 32. Re2 Rxd3+ 33. Nxd3 Bc4 34. Rd2 Bxd3 35. Rxd3 Rb7 36. Rd2 f5 37. Kd3 Kf6 38. Kc2 Rc7+ 39. Kd1 Ke6 40. Rd3 e4 41. Rd4 Rd7 42. Rxd7 Kxd7 43. Kc2 Kc6 44. b3 axb3+ 45. Kxb3 Kb5 46. g4 fxg4 47. Kc3 Ka4 48. Kd4 Kxa3 49. Kxe4 Kb4 50. Kf4 Kc5 51. Kxg4 h6 52. f4 Kd6 53. f5 gxf5+ 54. Kxf5 Ke7 1/2-1/2

[Event "CZE-ch Juniors op-A"]
[Site "Sec u Chrudimi"]
[Date "2008.03.10"]
[Round "4"]
[White "Bauer, Jindrich"]
[Black "Schmalz, Michal"]
[Result "0-1"]
[WhiteElo "1800"]
[BlackElo "1860"]
[PlyCount "84"]
[EventDate "2008.03.08"]
[EventType "swiss"]
[EventRounds "9"]
[EventCountry "CZE"]
[SourceTitle "EXT 2009"]
[Source "ChessBase"]
[SourceDate "2008.11.26"]
[SourceVersion "1"]
[SourceVersionDate "2008.11.26"]
[SourceQuality "1"]

1. f4 d5 2. Nf3 g6 3. e3 Bg7 4. d4 Nf6 5. Bd3 0-0 6. 0-0 Bg4 7. h3 Bxf3 8. Qxf3 Nbd7 9. Nd2 e6 10. g4 c5 11. c3 c4 12. Bc2 b5 13. h4 h5 14. g5 Ne8 15. e4 dxe4 16. Nxe4 Nb6 17. Nc5 Nd6 18. Nxe6 fxe6 19. Bxg6 Rf5 20. Bxf5 exf5 21. Qxh5 Ne4 22. Be3 Ng3 23. Qf3 Nxf1 24. Kxf1 Qd5 25. Kf2 Re8 26. Re1 Qxf3+ 27. Kxf3 Nd5 28. Bd2 Rxe1 29. Bxe1 Bf8 30. Bd2 Kg7 31. h5 Bd6 32. Kg3 a6 33. Kf3 Nc7 34. a3 a5 35. Be3 Ne6 36. d5 Nc7 37. Bd4+ Kg8 38. Be5 Bxe5 39. fxe5 Nxd5 40. e6 Kg7 41. Ke2 Nf4+ 42. Ke3 Nxe6 0-1

[Event "CZE-ch Juniors op-A"]
[Site "Sec u Chrudimi"]
[Date "2008.03.10"]
[Round "3"]
[White "Hubacek, Ondrej"]
[Black "Bauer, Jindrich"]
[Result "1/2-1/2"]
[WhiteElo "1881"]
[BlackElo "1825"]
[PlyCount "70"]
[EventDate "2008.03.08"]
[EventType "swiss"]
[EventRounds "9"]
[EventCountry "CZE"]
[SourceTitle "EXT 2009"]
[Source "ChessBase"]
[SourceDate "2008.11.26"]
[SourceVersion "1"]
[SourceVersionDate "2008.11.26"]
[SourceQuality "1"]

1. e4 c5 2. Nf3 d6 3. d4 cxd4 4. Nxd4 Nf6 5. Nc3 a6 6. Bg5 e6 7. f4 Be7 8. Qf3 Qc7 9. 0-0-0 Nbd7 10. g4 b5 11. Bxf6 Nxf6 12. g5 Nd7 13. h4 b4 14. Nce2 Bb7 15. Ng3 Nc5 16. Kb1 0-0-0 17. Bg2 d5 18. e5 g6 19. h5 Kb8 20. Rh3 Ne4 21. Nxe4 dxe4 22. Qe2 Qb6 23. Nb3 Rxd1+ 24. Qxd1 Qf2 25. Qf1 e3 26. Qxf2 exf2 27. Bf1 Rc8 28. hxg6 hxg6 29. Rh2 a5 30. Rxf2 a4 31. Nc1 Bc5 32. Rh2 Be3 33. Nd3 Ba6 34. Rh7 Bxd3 35. Bxd3 Rf8 1/2-1/2

[Event "Czechia KP-chTA 0607"]
[Site "Czech Republic"]
[Date "2007.03.04"]
[Round "9.6"]
[White "Vrana, Karel"]
[Black "Bauer, Jindrich"]
[Result "1-0"]
[WhiteElo "1695"]
[BlackElo "1738"]
[PlyCount "127"]
[EventDate "2006.10.29"]
[EventType "team"]
[EventRounds "11"]
[EventCountry "CZE"]
[SourceTitle "EXT 2008"]
[Source "ChessBase"]
[SourceDate "2007.11.25"]
[SourceVersion "1"]
[SourceVersionDate "2007.11.25"]
[SourceQuality "1"]
[WhiteTeam "Tisice"]
[BlackTeam "Zebrak"]
[WhiteTeamCountry "CZE"]
[BlackTeamCountry "CZE"]

1. c4 e6 2. e4 d5 3. exd5 exd5 4. cxd5 Qxd5 5. Nc3 Qd8 6. Nf3 Nf6 7. Bc4 Be7 8. 0-0 0-0 9. Re1 Bg4 10. h3 Bh5 11. d4 Nc6 12. Be3 Bb4 13. a3 Ba5 14. Be2 Re8 15. Qb3 Bb6 16. Rad1 Qe7 17. Nd5 Nxd5 18. Qxd5 Bxf3 19. Bxf3 Rad8 20. Qc4 Nxd4 21. Bxb7 c5 22. Ba6 Qf6 23. Bxd4 cxd4 24. Rxe8+ Rxe8 25. Bb5 Rd8 26. Qd3 Qe5 27. Bc4 Rd6 28. Qe2 Qxe2 29. Bxe2 Kf8 30. a4 a5 31. b3 Bc5 32. Bc4 Bb4 33. g4 Ke7 34. Rd3 Bc3 35. Kg2 f6 36. f4 h6 37. Kf3 g5 38. Ke4 Rd8 39. Rf3 Bd2 40. f5 Be3 41. Rf1 Kd6 42. Kd3 Rh8 43. Ke4 h5 44. Be2 hxg4 45. Bxg4 Kc5 46. Rb1 Kb4 47. Kd5 Kc3 48. Ke6 d3 49. Kxf6 Kc2 50. Re1 Bf4 51. Kg7 d2 52. Bd1+ Kd3 53. Re6 Rxh3 54. f6 Be3 55. Rd6+ Kc3 56. f7 Rh1 57. f8Q Rxd1 58. Qc8+ Kb2 59. Rd3 Rc1 60. Qd7 Rc3 61. Rxe3 Rc7 62. Qxc7 d1Q 63. Qc3+ Ka2 64. Rd3 1-0